[Event "FIDE World Cup 2017"]
[Site "Tbilisi"]
[Date "2017.09.03"]
[Round "1.1"]
[White "Liu, Guanchu"]
[Black "Mamedyarov, Shakhriyar"]
[Result "0-1"]
[WhiteElo "2455"]
[BlackElo "2797"]
[Annotator "TA"]
[PlyCount "52"]
[EventDate "2017.??.??"]
[EventType "k.o."]
[EventCountry "GEO"]
[SourceTitle "playchess.com"]
[Source "ChessBase"]
[SourceQuality "1"]

{[%evp 16,52,0,0,0,2,8,2,0,-14,-10,-61,-66,-46,-54,-90,-98,-90,-95,-184,-177,-175,-152,-160,-166,-164,-162,-168,-147,-162,-168,-245,-245,-5577,-5508,-5489,-1199,-29993,-205]} 1. e4 e5 2. Nf3 Nc6 3. Bb5 a6 4. Bxc6 dxc6 5. O-O Bd6 6. d4 exd4 7. Qxd4 f6 8. Nc3 {C68: Ruy Lopez: Exchange Variation, sidelines} (8. Be3 Ne7 9. Nbd2 Be6 10. Qc3 Qd7 11. Rfd1 Ng6 12. Nd4 O-O-O 13. N2b3 Bxb3 14. Qxb3 Bf4 15. Rd2 Bxe3 16. Qxe3 c5 17. Nb3 Qb5 18. Qxc5 Qxc5 19. Rxd8+ Rxd8 20. Nxc5 {½-½ (66) Kovalenko,I (2657)-Matlakov,M (2714) Minsk 2017}) 8... Ne7 9. Be3 {LiveBook: 4 Games} Ng6 10. Nd2 $146 {The position is equal.} ({Find the theoretical novelty and annotate with similar games:} 10. Qd2 Be6 11. Nd4 Bc4 12. Rfe1 O-O 13. Rad1 Re8 14. f3 a5 15. Qf2 Qc8 16. Nf5 {1-0 (85) Solovjova,V (2221)-Meshcheriakova,E (2318) Smolensk 2008}) 10... Be6 11. f4 Bf7 12. Rad1 O-O {Black wants to play ...Bxf4!} 13. Nb3 ({White should play} 13. Qd3 $11) 13... Qe7 $15 14. Qd2 Bb4 15. e5 Rad8 16. exf6 Qxf6 (16... gxf6 17. Nd4 $11) 17. Nd5 (17. Qe2 $17 {might work better.}) 17... Bxd5 $19 ({Not} 17... Bxd2 18. Nxf6+ gxf6 19. Rxd2 $11) ({Resist} 17... Qxb2 18. Qxb4 Rxd5 19. Rxd5 $17) 18. Qxb4 Nh4 ({Much less strong is} 18... Qxb2 19. Rd2 $15) 19. Rd2 Qg6 20. f5 Nxf5 21. Bc5 Nd6 {[#] Threatens to win with ...Rxf1+.} 22. Rxf8+ Rxf8 23. Bxd6 (23. Re2 $142) 23... cxd6 $40 {[%mdl 128] Black wants a kill.} 24. Qxb7 $2 (24. Re2) 24... Qe4 {[%cal Re4e1]} 25. h3 h6 (25... Qe3+ $142 26. Kh2 Qf4+ 27. Kh1 Re8) 26. Qb6 Qe1+ {Precision: White = 35%, Black = 79%.} 0-1

[Event "FIDE World Cup 2017"]
[Site "Tbilisi"]
[Date "2017.09.03"]
[Round "1.1"]
[White "Dai, Changren"]
[Black "Kramnik, Vladimir"]
[Result "0-1"]
[WhiteElo "2422"]
[BlackElo "2803"]
[Annotator "TA"]
[PlyCount "102"]
[EventDate "2017.??.??"]
[EventType "k.o."]
[EventCountry "GEO"]
[SourceTitle "playchess.com"]
[Source "ChessBase"]
[SourceQuality "1"]

{[%evp 29,102,8,10,10,10,10,11,14,27,-24,-22,-12,-10,-6,-24,-14,-15,-23,-17,-34,0,0,0,0,0,0,21,27,0,9,48,0,0,0,27,0,8,0,0,0,0,4,34,0,0,0,45,0,43,39,32,34,70,83,73,0,0,-16,-57,-898,-856,-29982,-29983,-29983,-29984,-29984,-29985,-29985,-29986,-29986,-29987,-29987,-29988,-29988,-29989]} 1. e4 e5 2. Nf3 Nc6 3. Bb5 a6 4. Ba4 Nf6 5. O-O Be7 6. Re1 b5 7. Bb3 O-O 8. c3 d6 9. h3 Nb8 {[%cal Bc6b8,Bb8d7,Bd7c5][%mdl 32]} 10. d4 Nbd7 11. Nbd2 c5 12. d5 {C95: Closed Ruy Lopez: Breyer Variation with 10 d4} (12. Nf1 Re8 13. Ng3 Bf8 14. Nf5 exd4 15. cxd4 Bb7 16. e5 dxe5 17. dxe5 Bxf3 18. Qxf3 Nxe5 19. Rxe5 Rxe5 {½-½ (37) Navara,D (2737)-Ponomariov,R (2709) Czech Republic 2017}) 12... Qc7 13. Bc2 c4 14. Nf1 a5 15. Ng3 Nc5 {LiveBook: 3 Games} 16. b3 cxb3 17. axb3 Bd7 18. Be3 $146 ({Find the theoretical novelty and annotate with similar games:} 18. Bb2 Rfc8 19. Qd2 h6 20. Nh4 Nfxe4 21. Bxe4 Bxh4 22. Bc2 {0-1 (36) Antulov,M-Blazeka,M (2300) Split 2013}) 18... Rfc8 19. Qd2 (19. Qe2 $142) 19... a4 $11 20. bxa4 $1 Nxa4 21. Bxa4 Rxa4 22. Rxa4 bxa4 23. Rc1 Qc4 24. Qc2 h5 25. Nd2 Qa6 26. c4 h4 27. Ne2 {[%cal Bg3e2,Be2c3,Bc3b5][%mdl 32]} Nh5 {[%cal Bf6h5,Bh5f4,Bf4d3][%mdl 32]} 28. Ra1 Bd8 29. Nc3 Nf4 30. Ra2 {[%cal Rc3a4]} Ra8 $1 31. Qb1 Qc8 (31... Ba5 $5 {[%cal Ra5c3]} 32. Nb5 Ne2+ 33. Kh2 Nc3 34. Nxc3 Bxc3 $11) 32. Qd1 Nd3 (32... Ba5 $5 {[%cal Ra5c3]} 33. Nb5 Bxd2 34. Qxd2 Bxb5 35. cxb5 Qc4 $11) 33. Nb5 Ra6 34. Qa1 Nc5 35. Qb1 Be7 36. Qa1 Bd8 37. Qb1 Be7 38. Qa1 Kh7 39. Bxc5 Qxc5 40. Rxa4 Rxa4 41. Qxa4 Bg5 42. Nb3 (42. Nf1 $16) 42... Qc8 $1 43. Kh2 Bf4+ 44. g3 $2 {[%mdl 8192]} (44. Kh1 $15) 44... Bxh3 $19 {[#] ( -> ...Bf1)} 45. Nxd6 hxg3+ {Black mates.} 46. fxg3 Qg4 47. Nf5 Qh5 48. gxf4 Bxf5+ 49. Kg3 Qg4+ 50. Kf2 Qxf4+ 51. Ke2 Qxe4+ {Precision: White = 57%, Black = 62%.} 0-1

[Event "FIDE World Cup 2017"]
[Site "Tbilisi"]
[Date "2017.09.03"]
[Round "1.1"]
[White "Ruiz Castillo, Joshua Daniel"]
[Black "So, Wesley"]
[Result "0-1"]
[WhiteElo "2377"]
[BlackElo "2792"]
[Annotator "TA"]
[PlyCount "118"]
[EventDate "2017.??.??"]
[EventType "k.o."]
[EventCountry "GEO"]
[SourceTitle "playchess.com"]
[Source "ChessBase"]
[SourceQuality "1"]

{[%evp 27,118,0,0,0,0,9,25,-14,0,0,0,0,0,0,-3,0,-2,-20,0,-19,-14,0,0,0,-15,-11,-4,-10,-10,-45,-25,-25,-11,-20,-21,-32,-31,-50,-46,-53,-52,-60,0,0,0,0,0,-26,-28,-138,-141,-133,-139,-174,-124,-138,-89,-83,-87,-79,-86,-284,-277,-277,-271,-431,-393,-499,-492,-485,-485,-462,-316,-453,-324,-1544,-1597,-1502,-1230,-1407,-1222,-1024,-977,-5803,-5073,-5045,-1412,-1370,-820,-29980,-29981,-29981,-29982]} 1. e4 c6 2. d4 d5 3. Nc3 dxe4 4. Nxe4 Bf5 5. Ng3 Bg6 6. h4 h6 7. Nf3 Nd7 8. h5 Bh7 9. Bd3 Bxd3 10. Qxd3 e6 11. Bf4 Qa5+ {B19: Classical Caro-Kann: 4...Bf5 main line} 12. Bd2 Bb4 13. a3 (13. c3 Be7 14. c4 Qb6 15. O-O-O Ngf6 16. Kb1 O-O 17. Ne4 Rad8 18. Bc3 Qa6 19. Nxf6+ Nxf6 {0-1 (56) Dervishi,E (2564)-Eljanov,P (2739) Baku 2016}) 13... Bxd2+ 14. Qxd2 Qxd2+ {LiveBook: 5 Games} 15. Nxd2 Ngf6 16. O-O-O Ke7 $146 ({Predecessor:} 16... O-O-O 17. Nde4 Kc7 18. c4 Nxe4 19. Nxe4 {0-1 (32) Visigalli,C (1839)-Bonazzi,E (2183) Senigallia 2009}) 17. Nde4 Rad8 18. Rhe1 Nxe4 19. Rxe4 Nf6 20. Re5 Ng4 21. Re2 Rd5 22. c4 Rd7 23. f3 Nf6 24. Re5 Rc8 25. Nf5+ Kf8 26. Ne3 Rcd8 27. Nc2 b6 28. Rde1 Rd6 29. c5 Rd5 30. cxb6 axb6 31. g4 R5d6 32. b4 Nd5 33. Kb2 Nf4 {Threatens to win with ...Nd3+.} 34. R1e3 f6 (34... b5 $15) 35. R5e4 $11 {[#]} e5 $1 $36 {[%mdl 2560] Black has the initiative.} 36. dxe5 Nd3+ 37. Kc3 fxe5 38. a4 (38. Kb3 $11) 38... Nf2 $17 39. Rxe5 Nd1+ 40. Kc4 Nxe3+ 41. Rxe3 $19 {[%mdl 4096] Endgame KRR-KRN} Rd5 42. Rc3 Kf7 43. Ne3 b5+ 44. axb5 $2 {[#]} (44. Kb3 $17 {was the only defense.} bxa4+ 45. Kxa4) 44... cxb5+ 45. Kb3 Rd3 46. Nf5 (46. Kc2 {was called for.} Rd2+ 47. Kb3) 46... Kf6 47. Kc2 Rd2+ 48. Kc1 Rd1+ 49. Kc2 R8d2+ 50. Kb3 Rd3 51. Ne3 $2 (51. f4) 51... Rb1+ (51... R1d2 $2 52. Nf5 $19) 52. Kc2 Rxc3+ 53. Kxc3 {KR-KN} Ke5 54. Nf5 Rf1 55. Nxg7 Rxf3+ 56. Kd2 Kf4 57. Nf5 Kxg4 58. Nxh6+ Kxh5 59. Ng8 Rf7 {Precision: White = 44%, Black = 75%.} 0-1

[Event "FIDE World Cup 2017"]
[Site "Tbilisi"]
[Date "2017.09.04"]
[Round "1.2"]
[White "Vachier-Lagrave, Maxime"]
[Black "Khusenkhojaev, Muhammad"]
[Result "1-0"]
[WhiteElo "2804"]
[BlackElo "2455"]
[Annotator "TA"]
[PlyCount "65"]
[EventDate "2017.??.??"]
[EventType "k.o."]
[EventCountry "GEO"]
[SourceTitle "playchess.com"]
[Source "ChessBase"]
[SourceQuality "1"]

{[%evp 23,65,18,23,0,33,32,49,26,44,58,73,73,88,79,246,249,244,236,477,477,470,470,563,443,417,417,525,539,527,506,838,824,806,795,1270,1270,1745,1763,1822,781,744,714,726,714]} 1. e4 e5 2. Nf3 Nc6 3. Bc4 Bc5 4. O-O Nf6 5. d3 a6 6. c3 d6 7. a4 h6 8. Re1 {C54: Giuoco Piano: 4 c3 Nf6, main lines with 5 d4 and 5 d3} O-O 9. h3 Ba7 10. Nbd2 Ne7 11. Bb3 Ng6 12. d4 Re8 {LiveBook: 8 Games} 13. a5 (13. Bc2 Bd7 14. a5 c6 15. dxe5 dxe5 {1-0 (43) Vachier Lagrave,M (2791)-So,W (2810) Saint Louis 2017}) 13... c6 $146 ({Find the theoretical novelty and annotate with similar games:} 13... Be6 14. Bc2 Bd7 15. Nf1 Nh5 16. Ne3 Nhf4 17. Nf5 exd4 18. cxd4 {½-½ (26) Klinova,M (2384)-Houska,J (2342) Gothenburg 2005}) 14. Bc2 Be6 15. Nf1 Qc7 16. Ng3 Rad8 17. Be3 Qb8 18. Qc1 Qc8 $2 {[#]} (18... Qc7 $16) 19. Bxh6 $1 $18 {[%mdl 512]} Bxh3 {[#]} (19... gxh6 20. Qxh6) 20. Bg5 $1 ({Resist} 20. gxh3 $6 Qxh3 21. Bg5 exd4) 20... Bg4 $2 (20... Qe6 {was called for.} 21. gxh3 Qxh3) 21. Bxf6 Bxf3 22. Nf5 (22. gxf3 Qh3 $16) (22. Bxd8 Nf4 $18) 22... Nf4 23. dxe5 (23. gxf3 gxf6 24. Kh1 Kh7 $18) (23. Bxd8 Qxd8 24. Qe3 (24. gxf3 Qg5+ 25. Ng3 Qh4 $11) 24... Bxg2 $11) 23... dxe5 24. Bxe5 (24. Bxd8 $2 Qxd8 25. g3 Qg5 $19) 24... Ne2+ {[#]} 25. Rxe2 $1 {[%mdl 512] White is clearly winning.} Rxe5 (25... Bxe2 26. Qg5) 26. gxf3 Qxf5 (26... Qe6 $142) 27. exf5 Rxe2 28. Qg5 {White threatens f6 and mate.} Rd5 29. Be4 Bxf2+ 30. Kf1 Be3 31. Kxe2 {Intending Qe7 and mate.} Bxg5 32. Bxd5 cxd5 33. Rd1 {Precision: White = 87%, Black = 31%.} 1-0

[Event "FIDE World Cup 2017"]
[Site "Tbilisi"]
[Date "2017.09.04"]
[Round "1.2"]
[White "Kramnik, Vladimir"]
[Black "Dai, Changren"]
[Result "1-0"]
[WhiteElo "2803"]
[BlackElo "2422"]
[Annotator "TA"]
[PlyCount "90"]
[EventDate "2017.??.??"]
[EventType "k.o."]
[EventCountry "GEO"]
[SourceTitle "playchess.com"]
[Source "ChessBase"]
[SourceQuality "1"]

{[%evp 12,90,15,-3,-2,0,-5,-9,0,0,4,6,0,0,0,0,2,13,18,18,17,12,12,17,36,19,41,0,0,0,0,0,2,0,0,0,0,0,0,0,0,0,0,0,0,0,0,0,0,0,0,0,0,0,0,0,0,0,0,0,0,0,0,0,0,-5,-7,-5,0,0,0,0,0,0,0,0,0,0,0,0,0]} 1. d4 d5 2. Nf3 e6 3. c4 Nf6 4. e3 Be7 5. b3 O-O 6. Bb2 c5 {A13: English Opening: 1...e6} 7. dxc5 {LiveBook: 12 Games} dxc4 {Threatening ...Qxd1+.} 8. Bxc4 Qxd1+ 9. Kxd1 Bxc5 (9... Ne4 $5 {[%cal Re4f2]} 10. Ke2 Nxc5 $11) 10. Ke2 b6 $146 ({Predecessor:} 10... Bd7 11. Rc1 Rc8 12. Bd3 Bc6 13. Ne5 Nbd7 14. Nxc6 Rxc6 {½-½ (46) Topalov,V (2798)-Anand,V (2804) Stavanger 2015}) 11. Rd1 Bb7 12. Nc3 Nc6 13. Nb5 Rfd8 14. Ne5 Nxe5 15. Bxe5 Nd5 ({But not} 15... Bxg2 $2 16. Rxd8+ Rxd8 17. Bxf6 $18) 16. Bxd5 exd5 17. Bd4 Ba6 18. a4 Rdc8 19. Kf3 Bxb5 {The position is equal.} 20. axb5 Bxd4 21. Rxd4 $11 {[%mdl 4096] Endgame KRR-KRR} Rc5 22. Rb4 (22. Rad1 {with more complications.} Rd8 23. Ra4 Ra8 24. Rda1 Kf8 25. Rxa7 Rxa7 26. Rxa7 Rxb5 27. Ra3) 22... h5 23. Ra2 g6 24. Ke2 Kg7 25. Kd3 Kf6 26. h4 Ke5 27. g3 Ke6 28. Ra6 Rc7 29. Rba4 Rac8 30. Rxa7 Rc3+ 31. Ke2 Rxb3 32. Rb7 Rc2+ (32... Rxb5 {looks sharper.} 33. Ra2 Rd8 34. Rc2 Rd6 35. Kf1 Rb4) 33. Kf1 $1 Rxb5 34. Ra6 Rc6 35. Raa7 f6 36. Re7+ Kf5 37. Kg2 Re6 38. Rg7 Rb2 {[#] White must now prevent ...d4.} 39. Rad7 Rd2 (39... Rxe3 $5 40. Rxd5+ Ke6 $15) 40. Kf3 b5 41. Rb7 Rb2 42. Rbd7 Rd2 43. Rb7 Rb2 (43... Rc6 $5 {[%cal Rc6c2]} 44. Rxb5 Ke6 $11) 44. Rgd7 Ke5 45. Rd8 Rc6 {Precision: White = 92%, Black = 72%.} 1-0

[Event "FIDE World Cup 2017"]
[Site "Tbilisi"]
[Date "2017.09.04"]
[Round "1.2"]
[White "Anand, Viswanathan"]
[Black "Yeoh, Li Tian"]
[Result "1/2-1/2"]
[WhiteElo "2794"]
[BlackElo "2478"]
[Annotator "TA"]
[PlyCount "142"]
[EventDate "2017.??.??"]
[EventType "k.o."]
[EventCountry "GEO"]
[SourceTitle "playchess.com"]
[Source "ChessBase"]
[SourceQuality "1"]

{[%evp 17,142,43,53,9,46,13,30,10,25,20,18,8,18,36,26,21,27,32,37,36,39,16,43,35,40,45,49,43,39,17,20,0,6,0,0,-8,-14,0,0,0,12,18,10,-13,0,0,7,0,10,0,0,0,33,0,18,0,-7,-18,0,-37,0,-43,-7,-7,0,-56,-44,-87,-85,-84,-60,-79,-79,-89,-91,-108,-94,-108,-108,-129,-70,-52,0,-147,-135,-133,-145,-259,-262,-255,-238,-303,-311,-302,-179,-183,-173,-182,-179,-173,-85,-111,-111,-111,-111,-111,-111,-111,-111,-144,-111,-194,-92,-92,-86,-86,-67,-67,-67,-67,0,0,0,0,0,0,0]} 1. e4 c6 2. d4 d5 3. e5 Bf5 4. Nf3 e6 5. Be2 Nd7 6. O-O Bg6 7. Nbd2 {B12: Caro-Kann: Advance Variation} Nh6 8. c3 Be7 9. Nb3 O-O {LiveBook: 8 Games} 10. Bd3 $146 (10. Bxh6 $5 gxh6 11. Qd2 $14) ({Predecessor:} 10. a4 Rc8 11. a5 c5 12. Bxh6 gxh6 13. dxc5 Nxc5 14. Nbd4 {1-0 (35) Karjakin,S (2785)-Pantsulaia,L (2607) Doha 2016}) 10... c5 {White must now prevent ...Bxd3.} 11. Bxg6 (11. Bxh6 $5 gxh6 12. dxc5 $11) 11... hxg6 12. h3 Rc8 13. g4 c4 14. Nbd2 f6 15. exf6 Bxf6 16. Re1 Rc6 17. Nf1 Nf7 18. Bf4 Re8 19. Re3 Be7 20. Qc2 g5 21. Bg3 b5 {[%cal Bb7b5,Bb5b4][%mdl 32]} 22. Rae1 Nf8 23. R3e2 b4 24. Qa4 Qb6 25. Ne3 {And now Nxd5! would win.} Rd8 26. Rc1 Qb7 27. Qd1 Rdc8 28. cxb4 Bxb4 29. b3 Ba3 30. Rb1 c3 31. Qd3 Qa6 32. Qxa6 Rxa6 33. Rc2 Nd7 34. Ne1 Bd6 35. Rbc1 Rac6 36. Nd3 Ba3 $36 {[%mdl 2048] Black fights for an advantage.} 37. Re1 a5 38. Ree2 Kf8 39. f3 Be7 40. Rc1 $1 Ba3 41. Rcc2 Nd6 $1 {[%cal Rd6b5] Hoping for ...Nb5.} 42. Bxd6+ Bxd6 43. Re1 Bb8 {Threatens to win with ...Ba7.} 44. Rcc1 Kf7 45. Nc2 Nf8 46. Kf2 Ng6 47. a3 Rh8 48. Kg2 Nh4+ (48... Nf4+ $17 49. Nxf4 Bxf4) 49. Kf2 $15 Ng6 (49... Rcc8 $15) 50. Kg2 $17 Nf4+ 51. Nxf4 Bxf4 52. Rb1 {[#]} (52. Rcd1 $17 {was called for.}) 52... e5 $1 $19 {[%mdl 512]} 53. dxe5 {[#]} Rxh3 $3 {[%mdl 512]} 54. Rh1 (54. Kxh3 Rh6+) 54... Rxh1 55. Rxh1 Bxe5 {[%mdl 4096] Endgame KRB-KRN} (55... Rb6 $142 56. Kf1 Rxb3 57. e6+ Ke7) 56. Kf2 Rb6 57. b4 axb4 58. axb4 {[#]} Bd6 (58... Rh6 $1 $19 {[%cal Rh6h1] is more deadly.} 59. Rh5 Ke7) 59. Ke2 Bxb4 60. Kd3 Be7 61. Kxc3 Bf6+ 62. Kd2 Rb3 63. Ke2 Ke6 64. Rd1 (64. Rc1 $17) 64... Ke5 (64... Rb2 $19 65. Kd3 Ke5) 65. Ne1 $17 Rb2+ 66. Rd2 Rb8 67. Nd3+ Kd6 68. Ra2 Rh8 (68... Bd4 $15) 69. Ra6+ $11 {The position is equal.} Kc7 70. Nb4 Rd8 71. Ra5 Kb6 {Precision: White = 49%, Black = 52%.} 1/2-1/2

[Event "FIDE World Cup 2017"]
[Site "Tbilisi"]
[Date "2017.09.04"]
[Round "1.2"]
[White "So, Wesley"]
[Black "Ruiz Castillo, Joshua Daniel"]
[Result "1/2-1/2"]
[WhiteElo "2792"]
[BlackElo "2377"]
[Annotator "TA"]
[PlyCount "62"]
[EventDate "2017.??.??"]
[EventType "k.o."]
[EventCountry "GEO"]
[SourceTitle "playchess.com"]
[Source "ChessBase"]
[SourceQuality "1"]

{[%evp 21,62,20,18,-20,28,13,50,0,0,0,0,-10,0,-12,54,25,51,75,109,98,104,97,100,114,88,97,87,29,25,20,53,33,39,35,36,37,32,0,5,5,7,7,4]} 1. d4 Nf6 2. c4 e6 3. g3 d5 4. Bg2 Bb4+ 5. Bd2 Be7 6. Nf3 O-O 7. O-O Nbd7 8. Qc2 c6 9. Bf4 Ne4 10. Nc3 g5 {E08: Closed Catalan: Main Line: 7 Qc2} 11. Be3 Nd6 {LiveBook: 4 Games} 12. cxd5 cxd5 13. Rfd1 $146 ({Predecessor:} 13. Qc1 h6 14. h4 Nf5 15. hxg5 Nxe3 16. Qxe3 hxg5 17. Bh3 Kg7 18. Kg2 {1-0 (32) Li,C (2751)-Fressinet,L (2700) Huaian 2016}) 13... b6 14. Ne5 Bb7 15. Qa4 Nb8 16. Rac1 f6 17. Bh3 f5 ({Black should try} 17... Nf5 $11 18. Nd3 Bc6) 18. Bg2 (18. Nb5 $5 {[%cal Rb5c7]} Qe8 19. Nc3 $11 (19. Rc7 a6 $11)) 18... Nf7 19. Nb5 Qe8 20. Qb3 $1 {Black must now prevent Nc7.} Na6 21. Nc7 Nxc7 22. Rxc7 Nxe5 23. dxe5 ({Of course not} 23. Rxb7 $6 Nc4 $11) 23... Rb8 {[#]} 24. Rdc1 (24. Rxb7 $1 $16 Rxb7 {[#]} 25. Bxd5 $1 {[%mdl 512]}) 24... Rf7 25. Bd2 (25. Bf3 $5 {[%cal Rf3h5]} g4 26. Bg2 $11) 25... Rc8 26. Rxc8 Bxc8 27. Rc7 Bc5 28. Rxf7 Qxf7 29. Qa4 (29. Qc2 $5 {[%cal Rb2b4]} Ba6 30. Qa4 Bxe2 31. Bxg5 $11) 29... Qd7 {The position is equal.} 30. Qxd7 Bxd7 31. Bxg5 Bd4 {Precision: White = 38%, Black = 35%.} 1/2-1/2

[Event "FIDE World Cup 2017"]
[Site "Tbilisi"]
[Date "2017.09.04"]
[Round "1.2"]
[White "Karjakin, Sergey"]
[Black "Smirnov, Anton"]
[Result "1/2-1/2"]
[WhiteElo "2780"]
[BlackElo "2508"]
[Annotator "TA"]
[PlyCount "41"]
[EventDate "2017.??.??"]
[EventType "k.o."]
[EventCountry "GEO"]
[SourceTitle "playchess.com"]
[Source "ChessBase"]
[SourceQuality "1"]

{[%evp 15,41,20,22,18,26,20,20,20,20,10,34,0,0,0,0,0,0,0,22,0,10,0,0,0,0,0,0,-11]} 1. Nf3 d5 2. g3 g6 3. Bg2 Bg7 4. d4 Nf6 5. O-O c6 6. b3 O-O 7. Bb2 Bf5 8. c4 Qb6 {LiveBook: 5 Games. D78: Fianchetto Grünfeld: 6 0-0 c6} (8... Nbd7 9. e3 dxc4 10. bxc4 e5 11. Nc3 Re8 12. h3 exd4 13. Nxd4 Ne5 14. Nxf5 Qxd1 15. Nxd1 gxf5 16. Bxe5 Rxe5 {1-0 (34) Vachier Lagrave,M (2789)-Kramnik,V (2812) Paris 2016}) 9. Nbd2 Rd8 10. Nh4 $146 ({Predecessor:} 10. Rc1 Ne4 11. e3 Qa5 12. Nxe4 Bxe4 13. a4 Nd7 14. Bc3 Qc7 15. cxd5 Bxd5 {0-1 (56) Southam,D (2130)-Plotkin,V (2237) Toronto 2010}) 10... Be6 11. Qc2 Na6 12. Rac1 Rac8 (12... Ne4 $5) 13. Qb1 Ne4 {The position is equal.} 14. Bxe4 dxe4 15. Nxe4 Bxd4 16. Bxd4 Qxd4 17. Rfd1 Qg7 18. Ng5 Qf6 19. Nxe6 Qxe6 20. Qb2 Rd6 21. Rd2 {Precision: White = 39%, Black = 67%.} 1/2-1/2

[Event "FIDE World Cup 2017"]
[Site "Tbilisi"]
[Date "2017.09.04"]
[Round "1.2"]
[White "Svidler, Peter"]
[Black "Vakhidov, Jakhongir"]
[Result "1-0"]
[WhiteElo "2756"]
[BlackElo "2518"]
[Annotator "TA"]
[PlyCount "61"]
[EventDate "2017.??.??"]
[EventType "k.o."]
[EventCountry "GEO"]
[SourceTitle "playchess.com"]
[Source "ChessBase"]
[SourceQuality "1"]

{[%evp 11,61,62,63,20,21,9,24,26,58,60,81,83,83,74,82,76,77,78,72,67,106,102,101,110,101,99,124,125,123,114,141,153,197,177,189,201,214,211,307,304,435,458,450,431,737,758,723,745,1379,1363,1333,1010]} 1. Nf3 g6 2. e4 d5 3. exd5 Qxd5 4. Nc3 Qd6 5. d4 Nf6 6. Nb5 {B06: Modern Defence} Qd8 {LiveBook: 59 Games} 7. a4 $146 ({Predecessor:} 7. c4 Bg7 8. Bf4 Na6 9. Be2 O-O 10. O-O c6 11. Nc3 Bf5 12. Re1 Ne4 13. Qb3 {1-0 (37) Naiditsch,A (2710)-Rakhmanov,A (2663) Linares 2017}) 7... Bg7 8. Be2 {The position is equal.} O-O 9. O-O Ne8 10. c3 Bg4 11. h3 Be6 12. Bf4 Nc6 13. Re1 Bd5 14. Na3 {[%cal Bb5a3,Ba3c2,Bc2e3][%mdl 32]} Nd6 15. Nc2 Na5 16. Nd2 f6 17. Ne3 Bf7 18. d5 {Strongly threatening b4.} b6 19. Nf3 c5 20. Qc2 a6 21. h4 {[%cal Bh3h4,Bh4h5][%mdl 32]} Re8 22. h5 c4 23. Nd4 Qd7 24. hxg6 Bxg6 (24... hxg6 {is a better defense.} 25. Bxd6 exd6 26. Nxc4 Nxc4) 25. Qd1 $18 Rac8 (25... f5 {keeps fighting.} 26. Ne6 Bf6 27. Bxd6 Qxd6 28. Nxc4 Nxc4) 26. Bxd6 {White is clearly winning.} Qxd6 27. Bg4 Rb8 (27... e5 $142 28. Bxc8 Rxc8) 28. Nef5 Bxf5 29. Bxf5 {[#] Hoping for Ne6.} Qf4 30. Re4 Qh6 31. g3 {Precision: White = 90%, Black = 51%.} 1-0

[Event "FIDE World Cup 2017"]
[Site "Tbilisi"]
[Date "2017.09.04"]
[Round "1.2"]
[White "Yu, Yangyi"]
[Black "Pourramezanali, Amirreza"]
[Result "1/2-1/2"]
[WhiteElo "2750"]
[BlackElo "2534"]
[Annotator "TA"]
[PlyCount "45"]
[EventDate "2017.??.??"]
[EventType "k.o."]
[EventCountry "GEO"]
[SourceTitle "playchess.com"]
[Source "ChessBase"]
[SourceQuality "1"]

{[%evp 18,45,-1,-12,25,21,22,16,10,21,16,19,8,15,10,23,21,27,20,4,7,9,15,14,10,9,27,0,5,-17]} 1. c4 e6 2. Nf3 d5 3. d4 Nf6 {[%cal Bg8f6,Bf6d5,Bd5b4][%mdl 32]} 4. g3 dxc4 5. Bg2 Bb4+ 6. Nc3 O-O 7. O-O Nc6 8. Qa4 {E20: Nimzo-Indian: 4 g3 and 4 f3} Nd5 9. Qc2 Be7 10. Rd1 {LiveBook: 11 Games} Ndb4 11. Qa4 $146 ({Predecessor:} 11. Qb1 Rb8 12. Ne5 Na5 13. e4 f6 14. Nf3 b5 15. Be3 a6 {0-1 (32) Fominyh,A (2520)-Popov,V (2573) Krasnoyarsk 2003}) 11... Bd7 {White must now prevent ...Nxd4!} 12. a3 Nb8 13. Qa5 $1 Nd5 14. Nxd5 exd5 15. Qxd5 Ba4 16. Qxd8 $1 ({Not} 16. Qxb7 $2 Bc6 $19) 16... Rxd8 17. Re1 Nc6 18. Bd2 Nxd4 19. Nxd4 Rxd4 20. Bc3 Rd7 21. Bxb7 Rb8 22. Be4 Bf6 23. Rac1 1/2-1/2